Vážec - celkový pohľad s Vys. Tatrami

Zobrazenie: V bielom orámovaní pohľad obec z diaľky v pozadí vidieť Vysoké Tatry

Bibliographic Details
Format: Postcard
Language:Slovak
PhysicalDescription:1 pohľadnica čiernobiela 9 x 14 cm
Published: [Liptovský Mikuláš] Lumen [1940?]
Subjects:

MARC

LEADER 00000nkm a2200000 a 4500
001 vtls011992356
003 SK-MaSNL
005 20260512124355.0
007 kp bo
008 231121q1940 xo g k|slo
015 |a SNBG1940 
035 |a urn:nbn:sk:snk-km00fdka 
035 |a urn:nbn:sk:snk-km45tuy 
035 |a F9ABF397-E834-4ACD-8E1B-81AF66A0AD04 
040 |a SNK  |b slo  |c SNK  |e AACR2 
041 0 |a slo 
043 |a e-xo--- 
044 |a xo  |c SK 
072 7 |a 913  |x Regionálna geografia  |2 konspekt 
080 |a 913(437.6)  |2 2011 
080 |a 908(437.6)  |2 2011 
080 |a 551.4.035  |2 2011 
080 |a (084.121)  |2 2011 
080 |a (234.372.4)  |2 2011 
245 0 0 |a Vážec - celkový pohľad s Vys. Tatrami  |h grafika 
246 3 3 |a Važec - celkový pohľad s Vysokými Tatrami 
260 |a [Liptovský Mikuláš]  |b Lumen  |c [1940?] 
300 |a 1 pohľadnica  |b čiernobiela  |c 9 x 14 cm 
500 |a Názvové údaje prevzaté z obrazovej časti pohľadnice 
500 |a Číslo záberu 1880 
520 8 |a Zobrazenie: V bielom orámovaní pohľad obec z diaľky v pozadí vidieť Vysoké Tatry 
650 0 7 |a pohoria  |2 SNKPH  |9 44054 
651 7 |a Važec (Slovensko)  |2 SNKPHgeo  |9 54496 
651 7 |a Vysoké Tatry (Poľsko a Slovensko : pohorie)  |2 SNKPHgeo  |9 67729 
655 7 |a miestne pohľadnice  |2 SNKPH  |9 70510 
655 7 |a geografické pohľadnice  |2 SNKPH  |9 70522 
852 |a Slovenská národná knižnica 
958 |a GBN 
958 |a OND 
958 |a GC 
958 |a EUIPO 
999 |c 867813  |d 869743 
952 |a SNK  |b SNK  |y PREZ  |7 0  |p 17A1378357  |o snkSP 56395  |z Pohľadnica prešla poštou. ; ; Na adresnej strane je modrá známka ""Slovaktour"" 20 h  |0 0  |1 0  |4 0  |d 2020-09-17  |f 1  |l 0  |r 2026-02-24 05:32:33  |w 2026-02-24